000 00362cam a22001217a 4500
008 180718b1943 xxu||||| |||| 00| 0 eng d
082 _aLsx73 T198
100 _aBuck, A. E.
245 _aWartime problems of state and local finance
_cby A. E. Buck...[et. al.]
260 _aPhiladelphia
_bTax Institute
_c1943
300 _a267p.
650 _aFinance , Public --USA
999 _c433727
_d433727